Загрузка...
Teaching of economics
| Главный автор: | |
|---|---|
| Формат: | Printed Book |
| Язык: | English |
| Опубликовано: |
New Delhi, Anmol publications
1995 |
| Предметы: |
| LEADER | 006200000a22002290004500 | ||
|---|---|---|---|
| 020 | |a 8174880429 | ||
| 041 | |a eng | ||
| 082 | |a 330.7 N5;2 | ||
| 100 | |a Yadav, Amita |9 112205 | ||
| 245 | |a Teaching of economics | ||
| 260 | |a New Delhi, Anmol publications | ||
| 260 | |a 1995 | ||
| 465 | |a R 200 | ||
| 650 | |a Curriculum |9 112206 | ||
| 650 | |a Economics |9 112207 | ||
| 650 | |a Lesson planning |9 11006 | ||
| 650 | |a Methods |9 112208 | ||
| 650 | |a Teaching |9 112209 | ||
| 650 | |a Techniques |9 112210 | ||
| 942 | |c BK | ||
| 999 | |c 166543 |d 166539 | ||
| 952 | |0 0 |1 0 |4 0 |7 0 |9 164987 |a SPS |b SPS |d 2019-04-16 |l 0 |p SPS04346 |r 2019-04-16 |w 2019-04-16 |y BK | ||